[Event "EU-ch Hybrid U14 Girls"]
[Site "Tornelo INT"]
[Date "2021.10.15"]
[Round "8"]
[White "Szczotka, Klara"]
[Black "Latypova, Olga L"]
[Result "1-0"]
[WhiteElo "1893"]
[BlackElo "1266"]
[PlyCount "91"]
[EventDate "2021.10.15"]
[EventType "swiss"]
[EventRounds "9"]
[EventCountry "NET"]
[SourceTitle "EXT 2023"]
[Source "ChessBase"]
[SourceDate "2022.10.05"]
[SourceVersion "1"]
[SourceVersionDate "2022.10.05"]
[SourceQuality "1"]
[WhiteTeam "Poland"]
[BlackTeam "England"]
[WhiteTeamCountry "POL"]
[BlackTeamCountry "ENG"]

1. d4 Nf6 2. c4 g6 3. Nc3 d5 4. Bg5 c5 5. Bxf6 exf6 6. cxd5 Qb6 7. Qb3 Qxb3 8. axb3 cxd4 9. Nb5 Bb4+ 10. Kd1 Na6 11. Nf3 d3 12. e3 0-0 13. Bxd3 Nc5 14. Bc4 a6 15. Nbd4 Ne4 16. Ke2 Bd7 17. Rhc1 Rfc8 18. Kf1 Bg4 19. h3 Bxf3 20. gxf3 Nd6 21. Ke2 Bc5 22. Nc2 Ba7 23. Bd3 Rc5 24. Nb4 Rac8 25. Rxc5 Rxc5 26. e4 Bb6 27. Nc2 Nb5 28. Kd2 Nd6 29. Ne3 Kf8 30. f4 Rc8 31. e5 Ne8 32. Ra4 Ke7 33. Be4 Kd7 34. Kd3 Bc5 35. d6 Rb8 36. Rc4 b6 37. b4 Bxe3 38. Kxe3 Ng7 39. Rc7+ Ke8 40. exf6 Ne6 41. Re7+ Kf8 42. f5 Ng5 43. h4 Nxe4 44. Kxe4 Rd8 45. fxg6 hxg6 46. d7 1-0